All Winning Songs of The Year - MAMA Awards - Statistics

General Stats
  • This quiz has been taken 11 times
  • The average score is 9 of 19
Answer Stats
Hint Answer % Correct
2021 Butter - BTS
100%
2015 Bang Bang Bang - BIGBANG
90%
2020 Dynamite - BTS
90%
2018 What is Love? - TWICE
80%
2022 Love Dive - IVE
70%
2019 Boy With Luv - BTS
60%
2016 Cheer Up - TWICE
60%
2023 Ditto - NewJeans
60%
2024 Supernova - aespa
60%
2017 Signal - TWICE
50%
2010 Bad Girl Good Girl - miss A
40%
2012 Gangnam Style - PSY
30%
2007 Lies - Big Bang
30%
2014 Eyes, Nose, Lips - Taeyang
20%
2011 I am the Best - 2NE1
20%
2013 Bounce - Cho Yong Pil
10%
2009 I Don’t Care - 2NE1
10%
2008 Nobody - Wonder Girls
10%
2006 Partner for Life - SG Wannabe
10%
No matching quizzes found
Score Distribution
Percent of People with Each Score
Percentile by Number Answered
Your Score History
You have not taken this quiz